[Event "Relampago R-035 corr"]
[Site "CXV corr"]
[Date "2001.06.23"]
[Round "?"]
[White "Lima, Paulo Roberto"]
[Black "De Almeida Peres, Gilberto"]
[Result "1-0"]
[WhiteElo "1500"]
[BlackElo "1472"]
[PlyCount "39"]
[EventDate "2001.??.??"]
[EventType "tourn (corr)"]
[EventRounds "6"]
[EventCountry "BRA"]
[SourceTitle "Corr 2004"]
[Source "ChessBase"]
[SourceDate "2003.04.28"]
[SourceVersion "3"]
[SourceVersionDate "2003.04.28"]
[SourceQuality "1"]

1. d4 d5 2. c4 e6 3. Nc3 Nf6 4. cxd5 exd5 5. Bg5 Be7 6. e3 Bg4 7. Qb3 Nc6 8. Qxb7 Nb4 9. Bxf6 Nc2+ 10. Kd2 Nxa1 11. Bxg7 Rb8 12. Bb5+ Bd7 13. Bxd7+ Kxd7 14. Qxd5+ Bd6 15. Qxf7+ Be7 16. Qf5+ Kc6 17. Bxh8 Rxb2+ 18. Kc1 Rc2+ 19. Kd1 Qxh8 20. Qd5+ 1-0

[Event "Relampago R-023 corr"]
[Site "CXV corr"]
[Date "2001.03.28"]
[Round "?"]
[White "De Almeida Peres, Gilberto"]
[Black "Martins, Claudiney"]
[Result "0-1"]
[WhiteElo "1489"]
[BlackElo "1522"]
[PlyCount "95"]
[EventDate "2001.??.??"]
[EventType "tourn (corr)"]
[EventRounds "6"]
[EventCountry "BRA"]
[SourceTitle "Corr 2004"]
[Source "ChessBase"]
[SourceDate "2003.04.28"]
[SourceVersion "3"]
[SourceVersionDate "2003.04.28"]
[SourceQuality "1"]

1. e4 e5 2. Nf3 Nc6 3. Bb5 Nf6 4. d3 Nd4 5. Nxd4 exd4 6. 0-0 c6 7. Ba4 d5 8. exd5 Nxd5 9. Qe2+ Be7 10. c4 dxc3 11. bxc3 0-0 12. c4 Bf6 13. Bb2 Bxb2 14. Qxb2 Nf4 15. Nc3 Qxd3 16. Bb3 Nxg2 17. Rfd1 Qg6 18. Bc2 Qg4 19. Ne4 Nf4+ 20. Kf1 Qe2+ 21. Kg1 Bh3 22. Nf6+ Kh8 23. Qc3 Qg4+ 24. Nxg4 Ne2+ 25. Kh1 Nxc3 26. Rd3 Bxg4 27. Rxc3 Rfe8 28. Kg2 c5 29. Rb1 Bd7 30. Rd1 Bc6+ 31. Kg3 Rad8 32. Rxd8 Rxd8 33. Re3 g6 34. h4 Rd2 35. Bb3 Kg7 36. f3 Kf8 37. Kg4 f6 38. Kg3 Kf7 39. f4 Bd7 40. Re1 Rd3+ 41. Kf2 Rh3 42. Rd1 Bc6 43. Rd8 Rxh4 44. Ke3 Rh3+ 45. Kf2 Rf3+ 46. Ke2 Rxf4 47. Ra8 h5 48. Rxa7 0-1

[Event "Relampago R-023 corr"]
[Site "CXV corr"]
[Date "2001.01.23"]
[Round "?"]
[White "Alves, Lucas"]
[Black "De Almeida Peres, Gilberto"]
[Result "0-1"]
[WhiteElo "1500"]
[BlackElo "1472"]
[PlyCount "40"]
[EventDate "2001.??.??"]
[EventType "tourn (corr)"]
[EventRounds "6"]
[EventCountry "BRA"]
[SourceTitle "Corr 2004"]
[Source "ChessBase"]
[SourceDate "2003.04.28"]
[SourceVersion "3"]
[SourceVersionDate "2003.04.28"]
[SourceQuality "1"]

1. e4 e5 2. Nc3 Nc6 3. Nf3 Nf6 4. Bb5 Nd4 5. Nxd4 exd4 6. Na4 Nxe4 7. d3 Nf6 8. a3 Be7 9. 0-0 0-0 10. Re1 c6 11. Bc4 b5 12. Nb6 axb6 13. Bb3 d5 14. Bf4 Bg4 15. Qd2 c5 16. Kh1 c4 17. dxc4 dxc4 18. Ba2 Qd5 19. Rxe7 Bh3 20. Kg1 Qxg2# 0-1